Նեյրոլեզվաբանական ծրագրավորման համառոտ ձեռնարկ բոլորի համար / (Record no. 143127)
[ view plain ]
| 000 -LEADER | |
|---|---|
| fixed length control field | 00763nam a2200205 u 4500 |
| 001 - CONTROL NUMBER | |
| control field | 000374547 |
| 003 - CONTROL NUMBER IDENTIFIER | |
| control field | AM-YeHGA |
| 005 - DATE AND TIME OF LATEST TRANSACTION | |
| control field | 20250618072303.0 |
| 008 - FIXED-LENGTH DATA ELEMENTS--GENERAL INFORMATION | |
| fixed length control field | 041027s2004 ai r 000 0 arm d |
| 020 ## - INTERNATIONAL STANDARD BOOK NUMBER | |
| International Standard Book Number | 999302905x (Պր. 1) |
| 040 ## - CATALOGING SOURCE | |
| Original cataloging agency | AM-YeHGA |
| 041 0# - LANGUAGE CODE | |
| Language code of text/sound track or separate title | arm |
| 090 ## - LOCALLY ASSIGNED LC-TYPE CALL NUMBER (OCLC); LOCAL CALL NUMBER (RLIN) | |
| -- | 144508 |
| 100 1# - MAIN ENTRY--PERSONAL NAME | |
| Personal name | Կարապետյան, Վլադիմիր Սևանի, |
| Dates associated with a name | 1946- |
| 9 (RLIN) | 4174 |
| 245 10 - TITLE STATEMENT | |
| Title | Նեյրոլեզվաբանական ծրագրավորման համառոտ ձեռնարկ բոլորի համար / |
| Statement of responsibility, etc. | Վ. Կարապետյան. |
| 260 ## - PUBLICATION, DISTRIBUTION, ETC. | |
| Place of publication, distribution, etc. | Երևան : |
| Name of publisher, distributor, etc. | Զանգակ-97, |
| Date of publication, distribution, etc. | 2004. |
| 300 ## - PHYSICAL DESCRIPTION | |
| Extent | պր. |
| 505 10 - FORMATTED CONTENTS NOTE | |
| Miscellaneous information | Պր. 1 (2004, 64 էջ) : |
| Title | Սուբմոդալ փոփոխությունների տեխնոլոգիա |
| 650 14 - SUBJECT ADDED ENTRY--TOPICAL TERM | |
| Topical term or geographic name entry element | Հոգեբանություն |
| Withdrawn status | Lost status | Damaged status | Not for loan | Collection | Home library | Current library | Date acquired | Total checkouts | Full call number | Barcode | Date last seen | Price effective from | Koha item type | Public note |
|---|---|---|---|---|---|---|---|---|---|---|---|---|---|---|
| General | Fundamental Scientific Library | Fundamental Scientific Library | 22/12/2016 | 159.9 | 210020566 | 22/12/2016 | 22/12/2016 | Գրքեր / Books | 30 Days Loan |
ՀՀ Գիտությունների ազգային ակադեմիայի հիմնարար գիտական գրադարան = Fundamental Scientific Library of NAS RA
All site content, except where otherwise noted, is licensed under a